[Event "NOR-ch U20 A"]
[Site "Hamar"]
[Date "2007.07.12"]
[Round "7"]
[White "Nyberg, Daniel Nygaard"]
[Black "Jacobsen, Maria Pitz"]
[Result "1-0"]
[WhiteElo "1966"]
[BlackElo "1835"]
[PlyCount "113"]
[EventDate "2007.07.07"]
[EventType "swiss"]
[EventRounds "9"]
[EventCountry "NOR"]
[SourceTitle "EXT 2024"]
[Source "ChessBase"]
[SourceDate "2023.10.10"]
[SourceVersion "1"]
[SourceVersionDate "2023.10.10"]
[SourceQuality "1"]

1. e4 e5 2. Nf3 Nc6 3. Bc4 Nf6 4. d3 h6 5. 0-0 d6 6. h3 g6 7. Bb3 Bg7 8. c3 0-0 9. Bc2 Qe7 10. Re1 Nh7 11. Nh2 f5 12. exf5 Bxf5 13. Ng4 Bxg4 14. Qxg4 Qf6 15. Qg3 Ne7 16. Nd2 Nf5 17. Qf3 Ne7 18. Qg3 Nf5 19. Qf3 Ne7 20. Qxf6 Nxf6 21. Ne4 Nxe4 22. Rxe4 Rf5 23. d4 g5 24. dxe5 Rxe5 25. f4 Rxe4 26. Bxe4 d5 27. Bd3 gxf4 28. Bxf4 c5 29. Bd6 c4 30. Bxc4 dxc4 31. Bxe7 Re8 32. Bc5 b6 33. Ba3 Bf8 34. Bxf8 Kxf8 35. Kf2 Rd8 36. Re1 Rd6 37. Re4 Rd2+ 38. Re2 Rd6 39. Ke1 Kf7 40. Re4 b5 41. a4 a6 42. axb5 axb5 43. Re5 Rb6 44. g4 b4 45. Rc5 bxc3 46. bxc3 Re6+ 47. Kf2 Rd6 48. Rxc4 Rd2+ 49. Kg3 Rd3+ 50. Kh4 Kg7 51. Rc7+ Kg8 52. c4 Rc3 53. c5 Kf8 54. c6 Kg8 55. Kh5 Rxh3+ 56. Kg6 Kf8 57. Rh7 1-0

[Event "NOR-chB"]
[Site "Moss"]
[Date "2006.07.10"]
[Round "3"]
[White "Demac, Elias"]
[Black "Nyberg, Daniel Nygaard"]
[Result "1-0"]
[WhiteElo "1640"]
[BlackElo "1608"]
[PlyCount "65"]
[EventDate "2006.07.08"]
[EventType "swiss"]
[EventRounds "9"]
[EventCountry "NOR"]
[SourceTitle "EXT 2007"]
[Source "ChessBase"]
[SourceDate "2006.11.23"]
[SourceVersion "1"]
[SourceVersionDate "2006.11.23"]
[SourceQuality "1"]

1. c4 Nf6 2. Nc3 g6 3. g3 c5 4. Bg2 Bg7 5. d3 0-0 6. e3 Nc6 7. Nge2 e6 8. Nf4 d6 9. 0-0 Re8 10. a3 Rb8 11. Rb1 e5 12. Nfd5 Nxd5 13. Bxd5 Be6 14. Bg2 Ne7 15. b4 cxb4 16. Rxb4 d5 17. Qb3 dxc4 18. dxc4 b6 19. Rd1 Qc7 20. Nb5 Qc5 21. Nxa7 Red8 22. Rd3 f5 23. e4 Rxd3 24. Qxd3 Rb7 25. Be3 Qa5 26. Bxb6 Qa6 27. Qe3 Bxc4 28. Qc5 Be6 29. exf5 Nxf5 30. Bxb7 Qxb7 31. Qc6 Qf7 32. Bc5 Bf8 33. Rb8 1-0

[Event "NOR-chB"]
[Site "Moss"]
[Date "2006.07.08"]
[Round "1"]
[White "Nyberg, Daniel Nygaard"]
[Black "Haug, Marianne Wold"]
[Result "1-0"]
[WhiteElo "1608"]
[BlackElo "1369"]
[PlyCount "57"]
[EventDate "2006.07.08"]
[EventType "swiss"]
[EventRounds "9"]
[EventCountry "NOR"]
[SourceTitle "EXT 2007"]
[Source "ChessBase"]
[SourceDate "2006.11.23"]
[SourceVersion "1"]
[SourceVersionDate "2006.11.23"]
[SourceQuality "1"]

1. e4 e6 2. d4 d5 3. Nd2 Nf6 4. e5 Nfd7 5. f4 c5 6. c3 Nc6 7. Ndf3 b6 8. Bd3 a5 9. Ne2 Ba6 10. Bxa6 Rxa6 11. a4 Ra8 12. 0-0 Be7 13. Ng3 Rc8 14. b3 0-0 15. f5 exf5 16. Nxf5 cxd4 17. Nxe7+ Qxe7 18. Ba3 Qe8 19. Bxf8 Qxf8 20. cxd4 Nb4 21. Rc1 h6 22. Qd2 Qe8 23. Rxc8 Qxc8 24. Rc1 Qd8 25. Qc3 Qe8 26. Qc8 Kf8 27. Qb7 Qe6 28. Rc8+ Ke7 29. Qc7 1-0